000 00688nam a2200229 a 4500
001 BRCA_7788
005 20190320210007.0
008 011013s1910----fr-a######---#000-0#ger-#
041 _ager
044 _afr
050 4 _aNA5075
_b.S34 1910
100 1 _aScheuber, Joseph
_919292
245 1 0 _aDie mittelalterlichen Chorstuhle in der Schweiz
_cvon Joseph Scheuber.
260 _aEstrasburgo, Francia
_bHeitz & Mundel
_c1910
300 _a125 p.
_bil., 11 láminas
_c25 cm.
440 0 _aStudien zur deutschen Kunstgeschichte
_v128
_919293
500 _aX40
650 1 4 _aSillerías de coro
_918841
650 1 4 _aArquitectura religiosa
_zSuiza
_919294
902 _aGFM
942 _2lcc
_cB
999 _c7462
_d7462